00429pab a2200145 454500008004000000100001800040245009500058260000900153300001300162362000800175650001500183650002000198700001900218773004600237180718b2012 xxu||||| |||| 00| 0 eng d aBehaghel, Luc aFraming social security reform: Behavioural responses to change in the full retirement age c2012 ap.41-67. aNov aRetirement aSocial security aBlau, David M. aAmerican Economic Journal: Economy Policy